| 000 | 01252naa a22003857a 4500 | ||
|---|---|---|---|
| 001 | BR8105427 | ||
| 003 | BR-BrBNA | ||
| 005 | 20240918174847.0 | ||
| 007 | ta | ||
| 008 | 230509b bl.||||| |||| 00| 0 por d | ||
| 040 |
_aBR-BrBNA _bpor _cBiblioteca Nacional de Agricultura |
||
| 041 | _a(Pt) | ||
| 072 |
_aF00; F30 _b0170 _bG514 |
||
| 090 | _aF00 BR8105427 | ||
| 100 | 1 | _aLira, M. de A. | |
| 100 | 1 | _aFaris, M.A. | |
| 100 | 1 | _aAraujo, S.C. | |
| 100 | 1 | _aSantos, J.P.O. | |
| 100 | 1 | _aArcoverde, A.S.S. | |
| 100 | 1 | _aOliveira, S.A. de | |
| 245 | 1 | _aNova cultivar de sorgo granifero da Uganda (9 DX 9/11)adaptada a Serra Talhada, Pernambuco [Sorghum bicolor, Brasil] | |
| 260 | 3 |
_aRecife, PE (Brasil): _c1981. |
|
| 500 | _aAtuacao do IPA no ambito do POLONORDESTE Recife, PE (Brasil): 1981. v. 3 p. 798-804 (BR8105427-AM)F00 | ||
| 650 | _aSORGO GRANIFERO | ||
| 650 | _aVARIEDADE | ||
| 650 | _aTANINO | ||
| 650 | _aCOMPETICAO DE VARIEDADE | ||
| 650 | _aGENOTIPO | ||
| 650 | _aPRODUTIVIDADE | ||
| 650 | _aSERRA TALHADA | ||
| 650 | _aPERNAMBUCO | ||
| 773 | 0 |
_tAtuacao do IPA no ambito do POLONORDESTE _wF00 BR8105427 _gRecife, PE (Brasil), 1981. v. 3 p. 798-804 |
|
| 909 |
_a202404 _bLucia _c55 _dLucia Elande |
||
| 942 |
_cAM _2AGRIS |
||
| 999 |
_c314057 _d314057 |
||